000 01236nam a22002897a 4500
001 1150
005 20230808103959.0
008 230804b cb ||||| |||| 00| 0 khr d
020 _a9789924340294
040 _aFISKH
_beng
_cFISKH
_dFISKH
082 _a582.13
100 _aVanthary, Oum
245 _aផ្កាដែលខ្ញុំចូលចិត្ត​ /
246 _aMy favorite flower
250 _aបោះពុម្ភលើកទី ៤ មេសា ២០២១
260 _aPhnom Penh :
_bSipar,
_c2021.
300 _a16 unnumbered pages :
_bcolor illustrations ;
_c18 cm
505 _aaa
520 _aកុមាតូចនិងបានរៀនពីពាក្យដំបូងដែលទាក់ទងទៅនឹងឈ្មោះផ្កានិមួយៗអមជាមួយនឹងរូបភាពពណ៍ផងដែរ ។
520 _aBasic vocabulary of different flowers with color painted pictures are introduced to young children.
521 _a10
_bLexile estimate
521 _aaa
_bRaz-Plus
650 _aផ្កា
_vរូបភាព
650 _aFlower
_vPicture
700 _aSamphos, Try
_cillustrator
942 _2ddc
_cBK
_n0
999 _c1150
_d1150